<?xml version="1.0" encoding="UTF-8"?>
<record
    xmlns:xsi="http://www.w3.org/2001/XMLSchema-instance"
    xsi:schemaLocation="http://www.loc.gov/MARC21/slim http://www.loc.gov/standards/marcxml/schema/MARC21slim.xsd"
    xmlns="http://www.loc.gov/MARC21/slim">

  <leader>00796cam4a220021700 4500</leader>
  <controlfield tag="001">tmp15402874</controlfield>
  <controlfield tag="003">UPRA</controlfield>
  <controlfield tag="005">20190815104818.0</controlfield>
  <controlfield tag="008">950804s1946    enk                 eng u</controlfield>
  <datafield tag="035" ind1=" " ind2=" ">
    <subfield code="a">(Sirsi) r78531</subfield>
  </datafield>
  <datafield tag="035" ind1=" " ind2=" ">
    <subfield code="a">(UPRA)tmp15402874</subfield>
  </datafield>
  <datafield tag="040" ind1=" " ind2=" ">
    <subfield code="c">UPRA</subfield>
  </datafield>
  <datafield tag="050" ind1=" " ind2="0">
    <subfield code="a">DA 332 Hac 1946</subfield>
  </datafield>
  <datafield tag="100" ind1="1" ind2=" ">
    <subfield code="a">Hackett, Francis, 1883-1962.</subfield>
    <subfield code="d">Hackett, Francis, 1883-1962.</subfield>
    <subfield code="6">A38359.1</subfield>
  </datafield>
  <datafield tag="245" ind1="1" ind2="0">
    <subfield code="a">Henry the Eighth.</subfield>
  </datafield>
  <datafield tag="260" ind1=" " ind2=" ">
    <subfield code="a">London :</subfield>
    <subfield code="b">Reprint Society,</subfield>
    <subfield code="c">[1946]</subfield>
  </datafield>
  <datafield tag="500" ind1=" " ind2=" ">
    <subfield code="a">First published 1929.</subfield>
  </datafield>
  <datafield tag="600" ind1="0" ind2="0">
    <subfield code="a">Henry VIII, King of England, 1491-1547.</subfield>
    <subfield code="b">Henry VIII, King of England, 1491-1547.</subfield>
    <subfield code="c">Henry VIII, King of England, 1491-1547.</subfield>
    <subfield code="d">Henry VIII, King of England, 1491-1547.</subfield>
    <subfield code="6">S29933.1</subfield>
  </datafield>
  <datafield tag="949" ind1=" " ind2=" ">
    <subfield code="a">DA 332 Hac 1946</subfield>
    <subfield code="w">lcc</subfield>
    <subfield code="c"> 1</subfield>
    <subfield code="i">33729000028295</subfield>
    <subfield code="m">MAIN</subfield>
    <subfield code="p">2500</subfield>
    <subfield code="t">BOOK</subfield>
    <subfield code="l">ON-SHELF</subfield>
  </datafield>
  <controlfield tag="004">78531</controlfield>
  <datafield tag="999" ind1=" " ind2=" ">
    <subfield code="c">67063</subfield>
    <subfield code="d">67063</subfield>
  </datafield>
</record>
